000 00289nam a2200121Ia 4500
008 221030s9999 xx 000 0 und d
041 _aEnglish
100 _aEd Tittel
245 0 _aSchaum`s Outline of Theory & Problems of XML
_cby Ed Tittel
260 _c0
650 _aMc
942 _cBK
999 _c16524
_d16524